Windows : architectural Details /

Bibliografiset tiedot
Päätekijä: Braun, Markus Sebastian
Aineistotyyppi: Kirja
Julkaistu: Berlin : Verlagshaus Braun, 2008.
Painos:First edition.
Aiheet:
Classic Catalogue: View this record in Classic Catalogue
LEADER 01595nam a2200301 a 4500
001 0017823
003 BD-DhAAL
005 20250311150812.0
008 100215s2008 bg a 000 0 eng d
020 |a 9783938780374 (Hardcover) 
020 |a 9783938780428 (Softcover) 
040 |a BD-DhAAL  |c BD-DhAAL 
082 |a 729 
100 1 |a Braun, Markus Sebastian  |9 25961 
245 0 0 |a Windows :  |b architectural Details /  |c Markus Sebastian Braun. 
250 |a First edition. 
260 |a Berlin :  |b Verlagshaus Braun,  |c 2008. 
300 |a 160 pages :  |b illustrations ;  |c 24 cm 
526 |a ARC  |x Md. Shajjad Hossain, Faculty members of the Department of Architecture 
541 1 |a Zeenat Book Supply LTD, Karim International  |e 0017823, 33126, 33127 
650 0 |a Architecture  |x Details.  |9 25962 
650 0 |a Architecture.  |9 42619 
852 4 |a Ayesha Abed Library  |c General Stacks 
942 |2 ddc  |c BK 
999 |c 7552  |d 7552 
952 |0 0  |1 1  |2 ddc  |4 0  |6 720_000000000000000_BRA  |7 0  |9 8188  |a BRACUL  |b BRACUL  |c GEN  |d 2010-02-16  |e Zeenat Book Supply Limited  |g 2693.00  |l 0  |o 720 BRA  |p 3010017823  |r 2010-02-16  |t 1  |w 2010-02-16  |y BK  |x Requisitioned by Md. Shajjad Hossain (Faculty members of the Department of Architecture). 
952 |0 0  |1 0  |2 ddc  |4 0  |6 729_000000000000000_BRA  |7 0  |9 63329  |a BRACUL  |b BRACUL  |c GEN  |d 2018-05-17  |e Karim International  |g 4600.00  |l 0  |o 729 BRA  |p 3010033126  |r 2018-05-17  |t 2  |v 4600.00  |w 2018-05-17  |y BK 
952 |0 0  |1 0  |2 ddc  |4 0  |6 729_000000000000000_BRA  |7 0  |9 63330  |a BRACUL  |b BRACUL  |c GEN  |d 2018-05-17  |e Karim International  |g 4600.00  |l 2  |m 38  |o 729 BRA  |p 3010033127  |q 2026-03-12  |r 2025-10-11  |s 2025-10-11  |t 3  |v 4600.00  |w 2018-05-17  |y BK